[Event "European Rapid Championship 2021"]
[Site "Katowice"]
[Date "2021.12.19"]
[Round "11.28"]
[White "Zakrzewski, Marek"]
[Black "Karolczuk, Iwo"]
[Result "0-1"]
[WhiteElo "2239"]
[BlackElo "2007"]
[Annotator "NA"]
[PlyCount "72"]
[EventDate "2021.12.18"]
[EventType "swiss"]
[EventCountry "POL"]
[SourceTitle "playchess.com"]
[Source "ChessBase"]
[SourceQuality "1"]
[TimeControl "900+10"]

1. e4 {[%emt 0:00:03]} e5 {[%emt 0:00:07]} 2. Nf3 {[%emt 0:00:03]} Nc6 {
[%emt 0:00:02]} 3. Bc4 {[%emt 0:00:03]} Nf6 {[%emt 0:00:14]} 4. Ng5 {[%emt 0:
00:02]} d5 {[%emt 0:00:07]} 5. exd5 {[%emt 0:00:03]} Na5 {[%emt 0:00:02]} 6.
Bb5+ {[%emt 0:00:02]} c6 7. dxc6 {[%emt 0:00:02]} bxc6 {[%emt 0:00:04]} 8. Bd3
{[%emt 0:00:03]} Bd6 {[%emt 0:00:59]} 9. O-O {[%emt 0:00:32]} O-O {[%emt 0:00:
05]} 10. Re1 {[%emt 0:01:33]} h6 {[%emt 0:01:40]} 11. Nf3 {[%emt 0:00:34]} Bg4
{[%emt 0:00:28]} 12. h3 {[%emt 0:00:30]} Bh5 {[%emt 0:00:16]} 13. Nc3 {[%emt 0:
02:12]} Nd5 {[%emt 0:01:15]} 14. g4 {[%emt 0:03:56]} Bg6 {[%emt 0:00:04]} 15.
Nxe5 {[%emt 0:00:35]} Qf6 {[%emt 0:03:40]} 16. Nxd5 {[%emt 0:03:36]} cxd5 {
[%emt 0:00:12]} 17. Nf3 {[%emt 0:01:32]} Bxd3 {[%emt 0:00:56]} 18. cxd3 {
[%emt 0:00:01]} Rfe8 {[%emt 0:04:15]} 19. Rxe8+ {[%emt 0:00:50]} Rxe8 {[%emt 0:
00:02]} 20. d4 {[%emt 0:00:05]} Nc6 {[%emt 0:00:32]} 21. d3 {[%emt 0:01:45]}
Nxd4 {[%emt 0:00:04]} 22. Nxd4 {[%emt 0:00:02]} Qxd4 {[%emt 0:00:01]} 23. Be3 {
[%emt 0:00:14]} Rxe3 {[%emt 0:00:52]} 24. fxe3 {[%emt 0:00:01]} Qxe3+ {[%emt 0:
00:02]} 25. Kf1 {[%emt 0:00:20]} Qxh3+ {[%emt 0:00:20]} 26. Ke2 {[%emt 0:00:31]
} Bf4 {[%emt 0:01:18]} 27. Qg1 {[%emt 0:00:04]} h5 {[%emt 0:01:05]} 28. Rf1 {
[%emt 0:00:03]} g5 {[%emt 0:00:03]} 29. gxh5 {[%emt 0:00:19]} Qxh5+ {[%emt 0:
00:01]} 30. Ke1 {[%emt 0:00:02]} Qg6 {[%emt 0:00:43]} 31. Qd4 {[%emt 0:00:12]}
Qe6+ {[%emt 0:00:07]} 32. Kd1 {[%emt 0:00:09]} Qg4+ {[%emt 0:00:03]} 33. Kc2 {
[%emt 0:00:15]} Qe2+ {[%emt 0:00:02]} 34. Kb3 {[%emt 0:00:01]} Qxf1 {[%emt 0:
00:02]} 35. Qxd5 {[%emt 0:00:06]} Qe2 {[%emt 0:00:33]} 36. a4 {[%emt 0:00:27]}
Qe6 {[%emt 0:00:04]} 0-1

[Event "European Rapid Championship 2021"]
[Site "Katowice"]
[Date "2021.12.19"]
[Round "11.29"]
[White "Kuegel, Tobias"]
[Black "Gerasimenyuk, Mikhail"]
[Result "0-1"]
[WhiteElo "2242"]
[BlackElo "1984"]
[Annotator "NA"]
[PlyCount "61"]
[EventDate "2021.12.18"]
[EventType "swiss"]
[EventCountry "POL"]
[SourceTitle "playchess.com"]
[Source "ChessBase"]
[SourceQuality "1"]
[TimeControl "900+10"]

1. e4 {[%emt 0:00:01]} c6 {[%emt 0:00:01]} 2. Nc3 {[%emt 0:00:02]} d5 {[%emt 0:
00:01]} 3. Nf3 {[%emt 0:00:04]} dxe4 {[%emt 0:00:02]} 4. Nxe4 {[%emt 0:00:01]}
Nf6 {[%emt 0:00:02]} 5. Qe2 {[%emt 0:00:02]} Bf5 {[%emt 0:00:09]} 6. Nxf6+ {
[%emt 0:00:09]} gxf6 {[%emt 0:00:02]} 7. d4 {[%emt 0:00:32]} Nd7 {[%emt 0:00:
41]} 8. Nh4 {[%emt 0:00:33]} Be6 {[%emt 0:00:22]} 9. Be3 {[%emt 0:01:05]} Qa5+
{[%emt 0:00:13]} 10. c3 {[%emt 0:00:38]} Nb6 {[%emt 0:00:22]} 11. g3 {[%emt 0:
02:18]} Nc4 {[%emt 0:01:14]} 12. Bf4 {[%emt 0:00:35]} O-O-O {[%emt 0:00:14]}
13. Bg2 {[%emt 0:00:37]} Rxd4 {[%emt 0:01:02]} 14. O-O {[%emt 0:00:33]} Rxf4 {
[%emt 0:01:23]} 15. gxf4 {[%emt 0:00:24]} Rg8 {[%emt 0:00:30]} 16. Kh1 {
[%emt 0:00:57]} Nd6 {[%emt 0:00:51]} 17. Rg1 {[%emt 0:02:25]} Bc4 {[%emt 0:01:
57]} 18. Qe3 {[%emt 0:01:56]} Kc7 {[%emt 0:00:34]} 19. b3 {[%emt 0:00:36]} Be6
{[%emt 0:00:07]} 20. Bh3 {[%emt 0:01:16]} Qd5+ {[%emt 0:00:44]} 21. Rg2 {
[%emt 0:00:59]} Bxh3 {[%emt 0:02:35]} 22. Qxh3 {[%emt 0:00:07]} Ne4 {[%emt 0:
00:09]} 23. Qf3 {[%emt 0:00:34]} Rxg2 {[%emt 0:00:35]} 24. Nxg2 {[%emt 0:00:34]
} f5 {[%emt 0:00:43]} 25. Kg1 {[%emt 0:00:29]} e6 {[%emt 0:00:26]} 26. Rd1 {
[%emt 0:00:45]} Qc5 {[%emt 0:00:24]} 27. c4 {[%emt 0:00:16]} Qa3 {[%emt 0:00:
55]} 28. Qh5 {[%emt 0:00:15]} Bc5 {[%emt 0:00:11]} 29. Qxf7+ {[%emt 0:00:10]}
Kb6 {[%emt 0:00:01]} 30. Qd7 {[%emt 0:01:01]} Qxa2 {[%emt 0:00:37]} 31. b4 0-1

[Event "European Rapid Championship 2021"]
[Site "Katowice"]
[Date "2021.12.19"]
[Round "11.29"]
[White "Praczukowski, Stanislaw"]
[Black "Janaszak, Dawid"]
[Result "0-1"]
[WhiteElo "2082"]
[BlackElo "2328"]
[Annotator "NA"]
[PlyCount "76"]
[EventDate "2021.12.18"]
[EventType "swiss"]
[EventCountry "POL"]
[SourceTitle "playchess.com"]
[Source "ChessBase"]
[SourceQuality "1"]
[TimeControl "900+10"]

1. e4 {[%emt 0:00:03]} c5 {[%emt 0:00:02]} 2. Nf3 {[%emt 0:00:02]} Nc6 {
[%emt 0:00:03]} 3. d4 {[%emt 0:00:02]} cxd4 {[%emt 0:00:01]} 4. Nxd4 {[%emt 0:
00:02]} g6 {[%emt 0:00:05]} 5. c4 {[%emt 0:00:04]} Bg7 {[%emt 0:00:25]} 6. Be3
{[%emt 0:00:03]} Qb6 {[%emt 0:00:04]} 7. Nb3 {[%emt 0:01:11]} Qd8 {[%emt 0:00:
11]} 8. Nd4 {[%emt 0:00:11]} Nf6 {[%emt 0:00:22]} 9. Nc3 {[%emt 0:00:05]} d6 {
[%emt 0:00:19]} 10. Be2 {[%emt 0:00:11]} Bd7 {[%emt 0:00:30]} 11. O-O {[%emt 0:
00:15]} Nxd4 {[%emt 0:00:18]} 12. Bxd4 {[%emt 0:00:03]} O-O {[%emt 0:00:08]}
13. h3 {[%emt 0:00:17]} Bc6 {[%emt 0:00:29]} 14. Qc2 {[%emt 0:00:12]} Nd7 {
[%emt 0:00:43]} 15. Bxg7 {[%emt 0:00:14]} Kxg7 {[%emt 0:00:01]} 16. Rfd1 {
[%emt 0:01:04]} Qb6 {[%emt 0:01:08]} 17. b3 {[%emt 0:00:32]} f5 {[%emt 0:01:03]
} 18. exf5 {[%emt 0:01:10]} gxf5 {[%emt 0:00:39]} 19. Bd3 {[%emt 0:00:30]} Qc5
{[%emt 0:02:49]} 20. Re1 {[%emt 0:00:13]} Ne5 {[%emt 0:00:48]} 21. a3 {[%emt 0:
00:30]} a5 {[%emt 0:00:07]} 22. Rab1 {[%emt 0:00:53]} Rf6 {[%emt 0:02:58]} 23.
b4 {[%emt 0:00:12]} axb4 {[%emt 0:00:08]} 24. axb4 {[%emt 0:00:01]} Qd4 {
[%emt 0:00:11]} 25. b5 {[%emt 0:04:51]} Nxd3 {[%emt 0:03:03]} 26. Rxe7+ {
[%emt 0:01:26]} Kf8 {[%emt 0:00:06]} 27. Re3 {[%emt 0:00:02]} Be4 {[%emt 0:00:
18]} 28. Nd5 {[%emt 0:00:57]} Rg6 {[%emt 0:00:18]} 29. g3 {[%emt 0:00:28]} Ne5
{[%emt 0:00:24]} 30. Qd1 {[%emt 0:00:20]} Qxd1+ {[%emt 0:00:18]} 31. Rxd1 {
[%emt 0:00:01]} Nxc4 {[%emt 0:00:30]} 32. Rc3 {[%emt 0:00:01]} Ne5 {[%emt 0:00:
30]} 33. Nc7 {[%emt 0:00:00]} Ra2 {[%emt 0:00:22]} 34. b6 {[%emt 0:00:30]} f4
35. g4 h5 {[%emt 0:00:38]} 36. Nb5 {[%emt 0:00:25]} hxg4 {[%emt 0:00:05]} 37.
h4 {[%emt 0:00:25]} g3 {[%emt 0:00:04]} 38. fxg3 {[%emt 0:00:01]} Nf3+ {
[%emt 0:00:19]} 0-1

[Event "European Rapid Championship 2021"]
[Site "Katowice"]
[Date "2021.12.19"]
[Round "11.30"]
[White "Wisniewski, Michal"]
[Black "Zgadzaj, Rafal"]
[Result "1/2-1/2"]
[WhiteElo "2248"]
[BlackElo "2087"]
[Annotator "NA"]
[PlyCount "88"]
[EventDate "2021.12.18"]
[EventType "swiss"]
[EventCountry "POL"]
[SourceTitle "playchess.com"]
[Source "ChessBase"]
[SourceQuality "1"]
[TimeControl "900+10"]

1. Nf3 {[%emt 0:00:02]} Nf6 {[%emt 0:00:11]} 2. c4 {[%emt 0:00:02]} e6 {
[%emt 0:00:02]} 3. g3 {[%emt 0:00:02]} d5 {[%emt 0:00:05]} 4. Bg2 {[%emt 0:00:
01]} Be7 {[%emt 0:00:04]} 5. O-O {[%emt 0:00:03]} O-O {[%emt 0:00:19]} 6. b3 {
[%emt 0:00:01]} c5 {[%emt 0:00:18]} 7. Bb2 {[%emt 0:00:03]} Nc6 {[%emt 0:00:11]
} 8. e3 {[%emt 0:00:05]} b6 {[%emt 0:00:42]} 9. Nc3 {[%emt 0:00:03]} Bb7 {
[%emt 0:00:28]} 10. cxd5 {[%emt 0:00:04]} Nxd5 {[%emt 0:00:30]} 11. Nxd5 Qxd5 {
[%emt 0:00:18]} 12. Ne5 {[%emt 0:00:03]} Qd6 {[%emt 0:00:13]} 13. Nc4 {[%emt 0:
01:06]} Qd7 {[%emt 0:00:54]} 14. Qg4 {[%emt 0:00:05]} g6 {[%emt 0:00:30]} 15.
d4 {[%emt 0:00:38]} b5 {[%emt 0:01:04]} 16. d5 {[%emt 0:00:24]} bxc4 {[%emt 0:
03:57]} 17. dxc6 {[%emt 0:00:02]} Bxc6 {[%emt 0:00:01]} 18. Bxc6 {[%emt 0:00:
02]} Qxc6 {[%emt 0:00:03]} 19. Qxc4 {[%emt 0:00:02]} Rfd8 {[%emt 0:01:10]} 20.
Rac1 {[%emt 0:00:03]} Qd5 {[%emt 0:00:43]} 21. Qxd5 {[%emt 0:01:22]} Rxd5 {
[%emt 0:00:39]} 22. Rc2 {[%emt 0:00:03]} a5 {[%emt 0:01:06]} 23. e4 {[%emt 0:
00:25]} Rd3 {[%emt 0:00:35]} 24. Rc4 {[%emt 0:00:58]} Rd2 {[%emt 0:02:59]} 25.
Rb1 {[%emt 0:00:05]} h5 {[%emt 0:00:34]} 26. h4 {[%emt 0:00:02]} Kf8 {[%emt 0:
00:15]} 27. Ra4 {[%emt 0:00:02]} Ke8 {[%emt 0:00:16]} 28. Be5 {[%emt 0:00:42]}
Kd7 {[%emt 0:00:40]} 29. Rb2 {[%emt 0:00:01]} Rxb2 {[%emt 0:00:07]} 30. Bxb2 {
[%emt 0:00:02]} Kc6 {[%emt 0:00:06]} 31. Bc3 {[%emt 0:00:01]} Kb5 {[%emt 0:00:
14]} 32. Kf1 {[%emt 0:00:05]} Bd6 {[%emt 0:00:13]} 33. e5 {[%emt 0:00:03]} Bc7
{[%emt 0:00:04]} 34. Rf4 {[%emt 0:00:02]} Rf8 {[%emt 0:00:27]} 35. Ke2 {
[%emt 0:00:01]} Kc6 {[%emt 0:00:06]} 36. Ra4 {[%emt 0:00:11]} Ra8 {[%emt 0:00:
15]} 37. Kd3 {[%emt 0:00:16]} Kd5 {[%emt 0:00:02]} 38. f4 {[%emt 0:00:03]} Bb6
{[%emt 0:00:07]} 39. Be1 {[%emt 0:00:15]} Ra7 {[%emt 0:00:06]} 40. a3 {[%emt 0:
00:17]} Kc6 {[%emt 0:00:20]} 41. Kc4 {[%emt 0:00:07]} Rd7 {[%emt 0:00:06]} 42.
Bc3 {[%emt 0:00:02]} Ra7 {[%emt 0:00:08]} 43. Be1 {[%emt 0:00:09]} Rd7 {
[%emt 0:00:01]} 44. Bc3 {[%emt 0:00:03]} Ra7 {[%emt 0:00:01]} 1/2-1/2

[Event "European Rapid Championship 2021"]
[Site "Katowice"]
[Date "2021.12.19"]
[Round "11.30"]
[White "Sharankov, Grigory"]
[Black "Janeczko, Jakub"]
[Result "1/2-1/2"]
[WhiteElo "2220"]
[BlackElo "1900"]
[Annotator "NA"]
[PlyCount "120"]
[EventDate "2021.12.18"]
[EventType "swiss"]
[EventCountry "POL"]
[SourceTitle "playchess.com"]
[Source "ChessBase"]
[SourceQuality "1"]
[TimeControl "900+10"]

1. c4 {[%emt 0:00:02]} c5 {[%emt 0:00:05]} 2. Nf3 {[%emt 0:00:02]} Nf6 {
[%emt 0:00:02]} 3. d4 {[%emt 0:00:02]} cxd4 {[%emt 0:00:03]} 4. Nxd4 {[%emt 0:
00:02]} Nc6 {[%emt 0:00:04]} 5. Nc3 {[%emt 0:00:01]} g6 {[%emt 0:00:02]} 6. e4
{[%emt 0:00:21]} Nxd4 {[%emt 0:00:02]} 7. Qxd4 {[%emt 0:00:02]} d6 {[%emt 0:00:
02]} 8. g3 {[%emt 0:01:26]} Bg7 {[%emt 0:00:04]} 9. Bg2 {[%emt 0:00:02]} O-O {
[%emt 0:00:08]} 10. Qd3 {[%emt 0:00:50]} a5 {[%emt 0:00:18]} 11. O-O {[%emt 0:
00:10]} a4 {[%emt 0:00:02]} 12. Rb1 {[%emt 0:00:25]} Qa5 {[%emt 0:00:32]} 13.
Nb5 {[%emt 0:01:08]} Nd7 {[%emt 0:00:38]} 14. Bd2 {[%emt 0:00:23]} Nc5 {
[%emt 0:00:56]} 15. Qe3 {[%emt 0:01:07]} Qb6 {[%emt 0:00:07]} 16. Bc3 {[%emt 0:
00:01]} Be6 {[%emt 0:00:05]} 17. Bxg7 {[%emt 0:00:25]} Kxg7 {[%emt 0:00:02]}
18. Nd4 {[%emt 0:01:25]} Qb4 {[%emt 0:01:07]} 19. b3 {[%emt 0:01:12]} axb3 {
[%emt 0:00:02]} 20. axb3 {[%emt 0:00:00]} Ra2 {[%emt 0:00:19]} 21. e5 {[%emt 0:
00:11]} Qd2 {[%emt 0:04:22]} 22. exd6 {[%emt 0:03:57]} Qxe3 {[%emt 0:00:17]}
23. fxe3 {[%emt 0:00:01]} exd6 {[%emt 0:00:02]} 24. b4 {[%emt 0:00:17]} Bxc4 {
[%emt 0:01:05]} 25. bxc5 {[%emt 0:01:12]} Bxf1 {[%emt 0:00:03]} 26. Kxf1 {
[%emt 0:00:42]} dxc5 {[%emt 0:00:03]} 27. Ne2 {[%emt 0:00:01]} Ra3 {[%emt 0:01:
00]} 28. Rxb7 {[%emt 0:00:48]} Rxe3 {[%emt 0:00:05]} 29. Rc7 {[%emt 0:00:16]}
Re5 {[%emt 0:00:11]} 30. Nf4 {[%emt 0:00:11]} Rd8 {[%emt 0:00:10]} 31. Bf3 {
[%emt 0:00:54]} h5 {[%emt 0:01:17]} 32. Be2 {[%emt 0:00:10]} Rd4 {[%emt 0:00:
15]} 33. h4 {[%emt 0:00:08]} Kf8 {[%emt 0:00:55]} 34. Rc8+ {[%emt 0:00:18]} Ke7
{[%emt 0:00:13]} 35. Bb5 {[%emt 0:01:19]} Kf6 {[%emt 0:03:02]} 36. Rc7 {
[%emt 0:00:09]} g5 {[%emt 0:01:32]} 37. hxg5+ {[%emt 0:01:12]} Rxg5 {[%emt 0:
00:44]} 38. Rc6+ {[%emt 0:00:04]} Ke7 {[%emt 0:00:08]} 39. Ne2 {[%emt 0:00:09]}
Rb4 {[%emt 0:00:17]} 40. Bd3 {[%emt 0:00:05]} h4 {[%emt 0:00:09]} 41. gxh4 {
[%emt 0:00:04]} Rxh4 {[%emt 0:00:03]} 42. Kf2 {[%emt 0:00:17]} Rd5 {[%emt 0:00:
26]} 43. Bb5 {[%emt 0:00:24]} Rb4 {[%emt 0:00:17]} 44. Ba6 {[%emt 0:00:22]} Rd6
{[%emt 0:00:13]} 45. Rc7+ {[%emt 0:00:01]} Kd8 {[%emt 0:00:03]} 46. Rc8+ {
[%emt 0:00:03]} Kd7 {[%emt 0:00:01]} 47. Ra8 {[%emt 0:00:03]} c4 {[%emt 0:00:
33]} 48. Ra7+ {[%emt 0:00:31]} Ke6 {[%emt 0:00:20]} 49. Bc8+ {[%emt 0:00:01]}
Ke5 {[%emt 0:00:06]} 50. Rc7 {[%emt 0:00:03]} Rd2 {[%emt 0:00:39]} 51. Ke3 {
[%emt 0:00:14]} Rd3+ {[%emt 0:00:09]} 52. Kf2 {[%emt 0:00:02]} Rd2 {[%emt 0:00:
09]} 53. Ke3 {[%emt 0:00:15]} Rd3+ {[%emt 0:00:01]} 54. Kf2 {[%emt 0:00:01]}
Rd2 {[%emt 0:00:01]} 55. Ba6 {[%emt 0:00:18]} Ra4 {[%emt 0:00:29]} 56. Bxc4 {
[%emt 0:00:21]} Rc2 {[%emt 0:00:03]} 57. Re7+ {[%emt 0:00:02]} Kd6 {[%emt 0:00:
09]} 58. Bb3 {[%emt 0:00:21]} Kxe7 {[%emt 0:00:25]} 59. Bxc2 {[%emt 0:00:02]}
Ra2 {[%emt 0:00:01]} 60. Bd3 {[%emt 0:00:03]} Rxe2+ {[%emt 0:00:02]} 1/2-1/2